01077nam a2200193 a 450000100100000000500170001000800410002702000180006804000250008610000340011124502280014526001150037330000200048870000310050895201110053995201050065095201110075599900170086600004031220201002034042.0130821s2010 mx 000 0 spa d a9786070220418 aDO-SdBNPbspacBNPHU1 aRangel Guerra, Alfonso96660013aLa Pérdida de la Mansión Dorada :bnotas sobre olvidado poema de Alfonso Reyes : discurso de ingreso a la Academia Mexicana de la Lengua, 23 de abril del 2009 /cAlfonso Rangel Guerra ; respuesta de Adolfo Castañón. aMéxico :bDirección General de Publicaciones y Fomento Editorial :bAcademia Mexicana de la Lengua,c2010. a76 p. ;c18 cm.1 aCastañón Adolfo927667 001050718MOaGRbGRcCTd2013-08-21iLF1l0o p40312-10r2020-06-25te. 3w2020-06-25y1ZNo se presta 001050718MOaGRbGRcCTd2013-08-21iLF1l0o p40312-20r2020-06-25w2020-06-25y1ZNo se presta 001050718MOaGRbGRcCTd2013-08-21iLF1l0o p40312-30r2020-06-25te. 2w2020-06-25y1ZNo se presta c39802d39802